Number-theoretic methods in statistics

Αποθηκεύτηκε σε:
Λεπτομέρειες βιβλιογραφικής εγγραφής
Κύριος συγγραφέας: Fang, Kai-Tai
Άλλοι συγγραφείς: Wang, Yuan 1930-
Μορφή: Βιβλίο
Γλώσσα:English
Δημοσίευση: London : Chapman & Hall, 1994
Σειρά:Monographs on statistics and applied probability ; ; 51
Θέματα:
Ετικέτες: Προσθήκη ετικέτας
Δεν υπάρχουν, Καταχωρήστε ετικέτα πρώτοι!

MARC

LEADER 00000nam a2200000 i 4500
001 1/77831
008 990426s1994 eng d
020 |a 0-412-46520-5 
035 |l 10050010 
040 |a GR-MY-UA  |b gre  |e aacr 
041 0 |a eng 
082 0 |a 519.5  |2 (12A) 
100 1 |a Fang, Kai-Tai. 
245 1 0 |a Number-theoretic methods in statistics /  |c K.-T. Fang and Y. Wang 
260 |a London :   |b Chapman & Hall,   |c 1994 
300 |a xii, 340 p.;  |b ill.;  |c 22 cm. 
300 |a 22cm.352. 20ill. Cloth 
490 1 |a Monographs on statistics and applied probability  |v ; 51 
500 |a Includes bibliographical references and indexes 
650 0 0 |a Mathematical statistics. 
650 0 0 |a Number theory. 
700 1 |a Wang, Yuan  |d 1930- 
830 0 |a Monographs on statistics and applied probability ;  |v ; 51 
852 |a INST  |b SAMOS  |e 19990426  |h 519.5 FAN  |p 005300014788  |q 005300014788  |t BK  |y 0 
901 |a BIBL-1999-1 
909 |a Σ  |b 064604 
922 |a 3ΕΛΗ  |b 199803  |c ΚΠΣ  |d GLORY 
950 |a 116-1998-08-10